[Event "EU-ch Amateur U2300"]
[Site "Zagreb"]
[Date "2022.08.20"]
[Round "8"]
[White "Peric, Bernard"]
[Black "Krikunov, Dmitry"]
[Result "1/2-1/2"]
[WhiteElo "2112"]
[BlackElo "2202"]
[PlyCount "45"]
[EventDate "2022.08.14"]
[EventType "swiss"]
[EventRounds "9"]
[EventCountry "CRO"]
[SourceTitle "CBM 210 Extra"]
[Source "ChessBase"]
[SourceDate "2022.11.30"]
[SourceVersion "1"]
[SourceVersionDate "2022.11.30"]
[SourceQuality "1"]

1. e4 c6 2. d4 d5 3. exd5 cxd5 4. Bd3 Nc6 5. c3 Nf6 6. Bf4 Bg4 7. Qb3 Qd7 8. Nd2 e6 9. Ngf3 Bxf3 10. Nxf3 Bd6 11. Bxd6 Qxd6 12. 0-0 0-0 13. Rfe1 Qc7 14. Qc2 Rab8 15. Ne5 b5 16. a3 a5 17. Re3 g6 18. Rae1 Nxe5 19. dxe5 Nd7 20. h4 Rfc8 21. h5 Kg7 22. Qd2 Nc5 23. Bc2 1/2-1/2